| 000 | 00886nam a22002537a 4500 | ||
|---|---|---|---|
| 001 | 3898 | ||
| 003 | FISKH | ||
| 005 | 20240527135500.0 | ||
| 008 | 240522b cb ||||| |||| 00| 0 eng d | ||
| 040 |
_aFISK _beng _cFISK _dFISK |
||
| 050 | _aPZ7.S1185 | ||
| 082 | _a813.54 | ||
| 100 |
_aSachar Louis _d1954- |
||
| 245 |
_aThe boy who lost his face / _cLouis Sachar |
||
| 260 |
_aNew York : _bYearling Book, _c2000 |
||
| 300 |
_a198 pages : _c20 cm |
||
| 505 | _aM | ||
| 520 | _aDavid receives a curse from an elderly woman he has helped his schoolmates attack, and he learns to regret his weakness in pandering to others for the sake of popularity before new friends and a very nice girl help him to be a stronger, more assertive person. | ||
| 521 | 8 |
_a570
_bLexile |
|
| 521 | 8 |
_aM
_bRaz-Plus |
|
| 700 | _aLouis Sachar | ||
| 942 |
_2ddc _cBK _n0 |
||
| 999 |
_c3898 _d3898 |
||